| 000 | 01749nam a2200277Ia 4500 | ||
|---|---|---|---|
| 999 |
_c30706 _d30706 |
||
| 003 | CO-CtgCURN | ||
| 005 | 20250409212016.0 | ||
| 008 | 200306s2019 xx f 000 0 spa d | ||
| 020 | _a9789585640832 | ||
| 040 |
_aCO-CtgCURN _bspa _ccoctgcurn |
||
| 082 |
_a347.06 _bL864 |
||
| 100 |
_aLópez Blanco, Hernán Fabio _93444 _d1944- _eautor |
||
| 245 | 0 |
_aCódigo general del proceso : _bpruebas / _cHernán Fabio López Blanco |
|
| 260 |
_aBogotá, Colombia : _bDupre Editores, _c2019 |
||
| 300 |
_a586 páginas ; _c23 centímetros |
||
| 504 | _aIncluye referencias bibliográficas (p. [581]-586) | ||
| 505 | _aCapítulo 1. Nociones introductorias - Capítulo 2. Los principios informadores y las reglas técnicas de derecho probatorio - Capítulo 3. Objeto, tema, licitud, conducencia, pertinencia, utilidad, y fin de la prueba - Capítulo 4. Los sistemas de valoración de la prueba - Capítulo 5. Clases de pruebas - Capítulo 6. El derecho y práctica de las pruebas - Capítulo 7. De la prueba de declaración de parte - Capítulo 8. De la prueba de confesión - Capítulo 9. De la prueba de juramento - Capítulo 10. La prueba testimonial - Capítulo 11. La prueba pericial - Capítulo 12. La prueba de inspección judicial - Capítulo 13. La prueba por indicios - Capítulo 14. La prueba documental - Capítulo 15. La prueba por informe | ||
| 521 | _aAREA PROFESIONAL | ||
| 590 | _aPrograma de Derecho_18 | ||
| 650 |
_aDerecho procesal _93445 _zColombia |
||
| 650 |
_aEvidencia (Derecho) _93446 |
||
| 650 |
_aDerecho probatorio _zColombia _98547 |
||
| 942 |
_cBK _h347.06 _iL864 _2ddc _04 |
||